| 000 | 00000nam##2200000za#4500 |
| 001 | 9.600539 |
| 003 | CaOODSP |
| 005 | 20210624205630 |
| 007 | cr ||||||||||| |
| 008 | 150406|2002||||xxc|||||o f|0| 0 fre|d |
| 040 | |aCaOODSP|bfre |
| 043 | |an-cn--- |
| 086 | 1 |aNH18-1-2/3-2002F-PDF |
| 110 | 2 |aSociété canadienne d'hypothèques et de logement. |
| 245 | 13|aLa poussière domestique : |h[ressource électronique]|bun outil efficace et abordable d'évaluation de salubrité microbienne résidentielle |
| 260 | |aOttawa - Ontario : |bSociété canadienne d'hypothèques et de logement |cFévrier 2002. |
| 300 | |a32p.|bréférences, tableaux |
| 490 | 1 |aRapport de recherche |
| 590 | |a12-25-Supp|b2012-06-04 |
| 775 | 08|tHouse dust : |w(CaOODSP)9.569322 |
| 830 | #0|aResearch report (Société canadienne d'hypothèques et de logement : En ligne)|w(CaOODSP)9.502470 |
| 856 | 40|ahttp://publications.gc.ca|qPDF|s363 Ko|uhttps://publications.gc.ca/collections/collection_2011/schl-cmhc/nh18-1-2/NH18-1-2-3-2002-fra.pdf |